000
00253nam a22001097a 4500
020
_a
978-969-23159-2-0
040
_a
dlc
_c
dlc
_d
dlc
082
_a
954.91
_b
BUI
245
_a
Building code of Pakistan - 2021
260
_a
PEC
_b
PEC
_c
2021
942
_2
ddc
_c
BK
999
_c
594496
_d
594496